[Event "AZE-ch Women 2019"]
[Site "Baku"]
[Date "2019.02.04"]
[Round "1.1"]
[White "Mammadzada, Gunay"]
[Black "Hajiyeva, Laman"]
[Result "1-0"]
[WhiteElo "2422"]
[BlackElo "2040"]
[Annotator "ChessBase"]
[PlyCount "119"]
[EventDate "2019.02.04"]
[EventType "swiss"]
[EventCountry "AZE"]
[SourceTitle "playchess.com"]
[Source "ChessBase"]
[SourceQuality "1"]
[TimeControl "40/5400+30:1800+30"]

1. e4 {[%emt 0:00:00]} e6 {[%emt 0:00:00]} 2. d4 {[%emt 0:00:00]} d5 {[%emt 0:00:00]} 3. Nd2 {[%emt 0:00:00]} c5 {[%emt 0:00:00]} 4. Ngf3 {[%emt 0:00:01]} Nc6 {[%emt 0:00:00]} 5. exd5 {[%emt 0:00:15]} exd5 {[%emt 0:00:00]} 6. Bb5 {[%emt 0:00:06]} Bd6 {[%emt 0:00:12]} 7. dxc5 {[%emt 0:00:28]} Bxc5 {[%emt 0:00:05]} 8. O-O {[%emt 0:00:10]} Nge7 {[%emt 0:00:23]} 9. Nb3 {[%emt 0:00:58]} Bd6 {[%emt 0:00:56]} 10. c3 {[%emt 0:02:49]} O-O {[%emt 0:00:15]} 11. Bd3 {[%emt 0:00:21]} Ng6 {[%emt 0:10:40]} 12. Bc2 {[%emt 0:10:57]} Bc7 {[%emt 0:20:17]} 13. h3 {[%emt 0:11:25]} Qd6 {[%emt 0:03:05]} 14. Qd3 {[%emt 0:03:10]} Re8 {[%emt 0:15:23]} 15. Bd2 {[%emt 0:04:58]} Re4 {[%emt 0:10:19]} 16. Nbd4 {[%emt 0:28:29]} Nh4 {[%emt 0:21:52]} 17. g3 {[%emt 0:02:14]} Nxd4 {[%emt 0:01:44]} 18. cxd4 {[%emt 0:08:40]} Nf5 {[%emt 0:05:05]} 19. Ng5 {[%emt 0:06:58]} Rxd4 {[%emt 0:02:18]} 20. Qe2 {[%emt 0:00:02]} h6 {[%emt 0:04:17]} 21. Nf3 {[%emt 0:03:36]} Rc4 {[%emt 0:00:56]} 22. Bd3 {[%emt 0:00:49]} Rc6 {[%emt 0:00:48]} 23. Rfe1 {[%emt 0:02:57]} Be6 {[%emt 0:01:25]} 24. Bxf5 {[%emt 0:02:26]} Bxf5 {[%emt 0:00:01]} 25. Nd4 {[%emt 0:00:06]} Bxh3 {[%emt 0:00:11]} 26. Nxc6 {[%emt 0:00:09]} bxc6 {[%emt 0:00:03]} 27. Bf4 {[%emt 0:01:06]} Qd7 {[%emt 0:00:25]} 28. Bxc7 {[%emt 0:00:50]} Qxc7 {[%emt 0:00:01]} 29. Rac1 {[%emt 0:02:09]} Rc8 {[%emt 0:00:52]} 30. Rc3 {[%emt 0:02:08]} Be6 {[%emt 0:01:39]} 31. Rc5 {[%emt 0:01:04]} g6 {[%emt 0:01:14]} 32. b4 {[%emt 0:01:32]} Qb8 {[%emt 0:00:53]} 33. Qd2 {[%emt 0:00:39]} h5 {[%emt 0:00:15]} 34. Qd4 {[%emt 0:01:11]} Qb6 {[%emt 0:00:33]} 35. Rec1 {[%emt 0:04:08]} Re8 {[%emt 0:00:23]} 36. Qf4 {[%emt 0:00:36]} Bd7 {[%emt 0:00:14]} 37. a3 {[%emt 0:00:19]} a6 {[%emt 0:00:43]} 38. R5c3 {[%emt 0:00:27]} Re6 {[%emt 0:00:35]} 39. Rf3 {[%emt 0:00:20]} Be8 {[%emt 0:00:37]} 40. Rc5 {[%emt 0:00:00]} Qd8 {[%emt 0:00:00]} 41. Re3 {[%emt 0:03:44]} Rxe3 {[%emt 0:05:28]} 42. Qxe3 {[%emt 0:00:12]} Bd7 {[%emt 0:02:15]} 43. Qe5 {[%emt 0:06:25]} h4 {[%emt 0:01:51]} 44. Rc3 {[%emt 0:03:25]} h3 {[%emt 0:07:46]} 45. Qd6 {[%emt 0:03:22]} Qe8 {[%emt 0:02:33]} 46. Re3 {[%emt 0:00:17]} Be6 {[%emt 0:00:07]} 47. Kh2 {[%emt 0:01:41]} Qc8 {[%emt 0:04:38]} 48. Rc3 {[%emt 0:02:50]} Bd7 {[%emt 0:00:42]} 49. a4 {[%emt 0:01:55]} Qe8 {[%emt 0:01:55]} 50. Re3 {[%emt 0:00:14]} Be6 {[%emt 0:00:14]} 51. g4 {[%emt 0:01:12]} Qc8 {[%emt 0:02:52]} 52. f3 {[%emt 0:02:27]} Qb7 {[%emt 0:02:29]} 53. Kxh3 {[%emt 0:03:02]} Qb6 {[%emt 0:03:55]} 54. Qc5 {[%emt 0:00:49]} Qb8 {[%emt 0:00:21]} 55. Qd4 {[%emt 0:00:16]} Qd8 {[%emt 0:00:31]} 56. Kg2 {[%emt 0:01:36]} Qb8 {[%emt 0:01:08]} 57. Re1 {[%emt 0:00:15]} Qd8 {[%emt 0:00:22]} 58. Rh1 {[%emt 0:00:14]} f6 {[%emt 0:00:03]} 59. g5 {[%emt 0:00:29]} Bf5 {[%emt 0:00:37]} 60. gxf6 {[%emt 0:00:53]} 1-0

[Event "AZE-ch Women 2019"]
[Site "Baku"]
[Date "2019.02.04"]
[Round "1.2"]
[White "Soyunlu, Narmin"]
[Black "Balajayeva, Khanim"]
[Result "0-1"]
[WhiteElo "2029"]
[BlackElo "2397"]
[Annotator "TA"]
[PlyCount "116"]
[EventDate "2019.02.04"]
[EventType "swiss"]
[EventCountry "AZE"]
[SourceTitle "playchess.com"]
[Source "ChessBase"]
[SourceQuality "1"]

{[%evp 13,116,12,14,17,10,0,0,0,1,0,0,-40,0,-37,-33,-98,-91,-125,-112,-112,-64,-66,-53,-52,-47,-58,-52,-53,-59,-134,-135,-140,-136,-310,-301,-291,-292,-281,-201,-265,-256,-252,-240,-423,-436,-406,-385,-422,-420,-415,-398,-590,-590,-590,-569,-662,-662,-652,-441,-441,-441,-441,-441,-556,-556,-514,-441,-441,-270,-270,-270,-270,-270,-270,-270,-270,-270,-270,-270,-381,-374,-366,-337,-427,-427,-427,-427,-427,-427,-427,-427,-29976,-29976,-29979,-29980,-29980,-29981,-29981,-29982,-29982,-29983,-29984,-29985,-29985,-29986]} 1. Nf3 (1. b3 d5 2. Bb2 Bf5 3. Nf3 e6 4. g3 h6 5. Bg2 Nf6 6. O-O {0-1 (44) Rapport,R (2698)-Grischuk,A (2750) chess.com INT 2017}) 1... Nf6 2. g3 $146 ({Predecessor:} 2. b3 d5 3. Bb2 Bf5 4. g3 e6 5. Bg2 Be7 {1-0 (24) Owens,J (2113)-Khvorostyanov,A (2210) ICCF email 2016}) 2... d5 3. Bg2 Bf5 4. O-O e6 5. b3 Be7 6. Bb2 h6 7. d3 O-O 8. Ne5 {A07: Réti Opening: New York and Capablanca Systems} (8. Nbd2 a5 9. a3 Bh7 10. c4 c6 11. Qc2 Na6 12. Rab1 Rc8 13. Rfc1 Nd7 14. Qd1 b5 15. Nd4 Qb6 16. cxb5 cxb5 17. Rxc8 Rxc8 18. Rc1 Bc5 19. Qf1 {0-1 (44) Rapport,R (2698)-Grischuk,A (2750) chess.com INT 2017}) 8... Nbd7 ({Predecessor:} 8... c6 9. Nd2 Nbd7 10. e4 Bh7 11. Nxd7 Nxd7 12. f4 Bf6 13. Bxf6 Qb6+ 14. Rf2 Nxf6 15. e5 Nd7 16. Qe1 a5 17. a4 Qa7 18. Nf1 b5 19. Qe3 Qb6 20. Qxb6 Nxb6 21. axb5 cxb5 22. Nd2 a4 23. bxa4 bxa4 24. Nf3 {1-0 (24) Owens,J (2113)-Khvorostyanov,A (2210) ICCF email 2016}) 9. Nxd7 Qxd7 10. Nd2 {The position is equal.} Rfd8 11. Qe1 a5 {[%cal Ba7a5,Ba5a4][%mdl 32]} 12. Rd1 Bh7 13. e4 a4 14. e5 {[#]} ({White should try} 14. exd5 $15 Nxd5 15. Nc4) 14... Ne8 $1 $17 15. h3 b5 16. Nf3 axb3 17. axb3 Ra2 18. Ra1 Rxa1 ({But not} 18... Rxb2 $6 19. Qc3 $14) 19. Bxa1 c5 20. Qe2 Nc7 21. Nh2 (21. Bb2 $15) 21... Ra8 22. Bc3 b4 23. Ba1 $2 (23. Bd2 $17) 23... Ra2 $19 24. Rc1 Nb5 25. Qd1 Qa7 {Threatens to win with ...c4!} 26. Nf3 Bg5 27. Nxg5 hxg5 28. c4 $2 (28. Kh2 {is a better defense.}) 28... bxc3 29. Bxc3 Nxc3 30. Rxc3 c4 31. d4 Bd3 32. Rxd3 (32. Qg4 $142 Bf5 33. Qxg5 Qxd4 {[%mdl 64] Double Attack} 34. Rf3 cxb3 35. g4) 32... Ra1 33. bxc4 dxc4 34. Kh2 Rxd1 35. Rxd1 {[%mdl 4096] Endgame KQ-KRB} Qa2 36. Rc1 f5 37. exf6 gxf6 38. d5 Kf7 39. dxe6+ Kxe6 40. Kg1 {White hopes to continue with Bf1.} Qb3 41. g4 Ke5 {aiming for ...c3.} 42. Bf1 c3 43. Bd3 Qb2 44. Rc2 Qa1+ 45. Kg2 Qa8+ 46. Kh2 (46. f3 $142 Kf4 47. Be4) 46... Qf3 47. Bg6 Kd4 48. Bf5 Kc4 {...Kb3 is the strong threat.} 49. Ra2 Kb4 50. Kg1 Qd1+ 51. Kh2 Qd6+ 52. f4 (52. Kg1 $19) 52... gxf4 {Black mates.} 53. Rc2 f3+ 54. Kg1 Qg3+ 55. Kf1 Qxh3+ 56. Kf2 Kb3 57. Ke3 {[#]} f2+ $1 {[%mdl 64] Decoy} 58. Kxf2 Qh2+ {Accuracy: White = 41%, Black = 85%.} 0-1

[Event "AZE-ch Women 2019"]
[Site "Baku"]
[Date "2019.02.04"]
[Round "1.3"]
[White "Mammadova, Gulnar"]
[Black "Ismayil, Malak"]
[Result "1/2-1/2"]
[WhiteElo "2368"]
[BlackElo "1905"]
[Annotator "TA"]
[PlyCount "101"]
[EventDate "2019.02.04"]
[EventType "swiss"]
[EventCountry "AZE"]
[SourceTitle "playchess.com"]
[Source "ChessBase"]
[SourceQuality "1"]

{[%evp 13,101,15,18,20,18,19,18,0,0,0,15,15,70,69,60,58,70,13,7,2,14,0,18,-20,0,-25,0,-98,-19,-89,0,0,0,0,4,0,0,0,0,-87,-50,-125,-77,-64,-71,-82,-72,-87,-57,-85,-12,-13,-14,-48,-16,-137,-137,-137,-131,-133,-128,-161,-88,-118,-118,-137,-8,-11,-14,-10,0,0,0,0,0,0,0,0,0,0,0,0,0,0,0,0,0,0,0,0]} 1. e4 e5 2. Nf3 ({Predecessor:} 2. Bc4 Nf6 3. d3 Nc6 4. Nf3 Bc5 {½-½ (21) Repkova,E (2370)-Virostko,P (2370) Slovakia 2006}) 2... Nc6 3. Bc4 Bc5 4. O-O Nf6 5. d3 d6 6. c3 Bb6 7. Bb3 $146 (7. Nbd2 O-O 8. Bb3 {1-0 (67) Zhigalko,S (2671)-Zhang,Z (2645) Doha 2016}) 7... h6 8. Nbd2 {C54: Giuoco Piano: 4 c3 Nf6, main lines with 5 d4 and 5 d3} O-O 9. Nc4 (9. Re1 Re8 10. Nc4 Be6 11. Bc2 Bxc4 12. dxc4 Ne7 13. Nh4 Qd7 14. h3 Qe6 15. Qf3 Nd7 16. Qg3 Qf6 17. Bd2 {1-0 (67) Zhigalko,S (2671)-Zhang,Z (2645) Doha 2016}) 9... Re8 10. Qe2 Bc5 ({Predecessor:} 10... Na5 11. Ba4 Bd7 12. Bxd7 Qxd7 13. Ne3 Bxe3 14. Bxe3 Nc6 15. Nh4 Qg4 16. Qxg4 Nxg4 17. Nf5 Nxe3 18. Nxe3 Rad8 19. Rad1 f6 20. Nd5 Rd7 21. f3 {½-½ (21) Repkova,E (2370)-Virostko,P (2370) Slovakia 2006}) 11. Ba4 a6 {And now ...b5 would win.} 12. b4 Ba7 (12... Bb6 $11) 13. Na5 $1 $14 {[%cal Ra5c6]} Qd7 14. Nxc6 bxc6 15. Nh4 ({Better is} 15. c4 $14) 15... a5 $11 {Threatens to win with ...axb4.} 16. a3 d5 17. Qf3 ({Of course not} 17. bxa5 dxe4 18. dxe4 Ba6 $1 $17 {[%mdl 512]}) 17... Qd6 18. h3 Bd7 19. Bb2 Bb6 20. exd5 (20. Nf5 $11 Bxf5 21. Qxf5) 20... cxd5 (20... Nxd5 $17 {[%cal Ra5b4]} 21. Bb3 axb4 22. axb4 Nf4 23. Rxa8 Rxa8) 21. Nf5 (21. Bxd7 $1 $11 {keeps the balance.} Qxd7 22. Nf5) 21... Qe6 (21... Bxf5 $1 $17 22. Qxf5 (22. Bxe8 $2 e4 $19) 22... Re6) 22. Bxd7 Nxd7 23. Qg4 {[%csl Gf5][%cal Rg4g7]} Qg6 24. Nxh6+ Qxh6 25. Qxd7 Qd2 26. Rab1 (26. bxa5 $11 Red8 27. Qf5 Bxa5 28. Rab1) 26... Qxd3 $17 27. Qc6 ({White should play} 27. bxa5 $15 Rad8 28. Qg4 Bxa5 29. Rfd1) 27... Qc4 28. Qxc4 dxc4 29. Rfd1 Rad8 30. Kf1 f6 31. Ke2 {[#]} Kf7 (31... a4 $1 $17) 32. a4 $11 Ke6 33. Ba3 axb4 (33... Rxd1 {with more complications.} 34. Rxd1 axb4 35. Bxb4 c5 36. Ba3 Ra8) 34. cxb4 (34. Rxd8 $1 $11 {remains equal.} Rxd8 35. Bxb4) 34... Rxd1 $17 35. Rxd1 $15 {[%mdl 4096] Endgame KRB-KRB} Bd4 36. a5 Ra8 37. f3 {[#]} c5 $1 {[%mdl 512]} 38. Kd2 $17 (38. bxc5 Rxa5) 38... Kd5 39. Kc2 cxb4 (39... f5 $17 40. f4 cxb4 41. Bxb4 Rb8) 40. Bxb4 $11 {The position is equal.} Rb8 41. Rb1 $1 f5 42. Be1 Rxb1 43. Kxb1 {KB-KB} f4 44. Kc2 g6 45. h4 Kc5 46. Kd2 Kb5 47. Kc2 Ka6 48. Bc3 Kb5 49. Be1 Ka6 50. Bc3 Kb5 51. Be1 {Accuracy: White = 49%, Black = 42%.} 1/2-1/2

[Event "AZE-ch Women 2019"]
[Site "Baku"]
[Date "2019.02.04"]
[Round "1.4"]
[White "Babazade, Zhala"]
[Black "Mamedjarova, Zeinab"]
[Result "0-1"]
[WhiteElo "1823"]
[BlackElo "2307"]
[Annotator "TA"]
[PlyCount "98"]
[EventDate "2019.02.04"]
[EventType "swiss"]
[EventCountry "AZE"]
[SourceTitle "playchess.com"]
[Source "ChessBase"]
[SourceQuality "1"]

{[%evp 14,98,0,-21,22,0,16,7,23,22,32,32,27,18,24,17,14,10,27,20,28,27,27,34,38,45,29,-4,-19,-92,-105,-84,-79,-156,-162,-171,-171,-171,-165,-237,-220,-226,-166,-157,-153,-174,-166,-175,-179,-172,-174,-170,-156,-145,-172,-393,-386,-352,-152,-148,-155,-141,0,0,0,0,0,-17,0,-309,-309,-309,-309,-308,-308,-309,-301,-1466,-1466,-1236,-1275,-1664,-1645,-1543,-1420,-5583,-2097]} 1. e4 e5 2. Nc3 Nf6 3. g3 Bc5 (3... Nc6 4. Bg2 {1-0 (32) Mamedov,R (2709)-Alekseev,E (2616) Riadh 2017}) 4. Bg2 Nc6 $146 ({Predecessor:} 4... d6 5. h3 Nc6 6. d3 a6 7. Nge2 O-O {0-1 (30) Marin Benito,C (1863)-Lopez Martinez,J (2536) Sant Boi 2015}) 5. Nge2 (5. d3 d6 6. h3 a6 7. Nge2 O-O {1-0 (32) Mamedov,R (2709)-Alekseev,E (2616) Riadh 2017}) 5... O-O 6. O-O a6 7. d3 d6 8. h3 Ne7 {C26: Vienna Game: 2...Nf6, sidelines} (8... Be6 9. Kh2 d5 10. Bg5 dxe4 11. Nxe4 Be7 12. Bxf6 Bxf6 13. f4 Be7 14. f5 Bd7 15. f6 gxf6 16. g4 f5 17. gxf5 {1-0 (32) Mamedov,R (2709)-Alekseev,E (2616) Riadh 2017}) 9. Kh2 ({Predecessor:} 9. d4 exd4 10. Nxd4 Ng6 11. Kh2 Re8 12. f4 Bb4 13. Nd5 Nxd5 14. exd5 Qf6 15. Nb3 Bf5 16. c3 {0-1 (30) Marin Benito,C (1863)-Lopez Martinez,J (2536) Sant Boi 2015}) 9... c6 10. f4 exf4 {The position is equal.} 11. Nxf4 d5 12. e5 Ne8 13. d4 Ba7 14. Nce2 f6 15. Nd3 Nf5 {[%cal Be7f5,Bf5d6,Bd6c4,Bc4e3,Be3f1][%mdl 32]} 16. c3 fxe5 17. Nxe5 Nf6 18. Qc2 Nd6 19. Bg5 Qe8 20. Bxf6 gxf6 21. Ng4 (21. Nd3 $11 {keeps the balance.}) 21... Bxg4 $1 $17 22. hxg4 Nc4 23. Bf3 (23. Rh1 $142) 23... Ne3 {[%mdl 64] Double Attack} 24. Qd3 Nxf1+ 25. Rxf1 Qg6 26. Qd2 (26. Qf5 $142) 26... Bb8 27. Kg2 Bd6 28. Rh1 Rae8 29. Rh5 Kh8 30. Rf5 Re7 31. b3 Rfe8 32. c4 dxc4 $1 33. bxc4 Re3 34. Nf4 $2 (34. a4) 34... Bxf4 $19 35. gxf4 Qf7 (35... Qh6 $19 36. g5 fxg5 37. fxg5 Qg6 38. Rf8+ Rxf8 39. Qxe3 Rf5) 36. d5 $17 cxd5 $1 37. cxd5 Qe7 (37... Ra3 $1 $17 38. Qb2 Ree3 39. Rxf6 Rxa2 $1 {[%mdl 576] Deflection} 40. Qxa2 Qxf6) 38. d6 $11 Qe6 39. d7 Rd8 40. Rd5 Ra3 {Hoping for ...Rxd7!} 41. g5 $2 {[%mdl 8192] [#]} (41. Qd4 $1 $11 {and White is okay.}) 41... Rxd7 $1 $19 {[%mdl 512]} 42. Qb4 ({Don't play} 42. Rxd7 Rxa2 43. Rd8+ Kg7 $19) 42... Rxd5 (42... Rxa2+ $2 43. Kg3 $17) 43. Qf8+ Qg8 {( -> ...Rd2+)} 44. Qxf6+ Qg7 45. Qxg7+ $2 (45. Bxd5 Qxf6 46. gxf6) 45... Kxg7 {Black is clearly winning.} 46. Bxd5 b5 {[%cal Bb7b5,Bb5b4][%mdl 32]} 47. f5 b4 48. f6+ Kf8 49. Be4 Ra5 {Accuracy: White = 40%, Black = 54%.} (49... Rxa2+ $142 50. Kg3 b3 51. Bxh7 Kf7) 0-1

[Event "AZE-ch Women 2019"]
[Site "Baku"]
[Date "2019.02.04"]
[Round "1.5"]
[White "Hojjatova, Aydan"]
[Black "Babayeva, Samira"]
[Result "1-0"]
[WhiteElo "2303"]
[BlackElo "1773"]
[Annotator "RC"]
[PlyCount "61"]
[EventDate "2019.02.04"]
[EventType "swiss"]
[EventCountry "AZE"]
[SourceTitle "playchess.com"]
[Source "ChessBase"]
[SourceQuality "1"]
[TimeControl "40/5400+30:1800+30"]

1. e4 {[%emt 0:00:00]} d6 {[%emt 0:14:34]} 2. d4 {[%emt 0:00:00]} c6 {[%emt 0:00:06]} 3. Nc3 {[%emt 0:00:00]} Qc7 {[%emt 0:00:25]} 4. f4 {[%emt 0:00:18]} e5 {[%emt 0:00:50]} 5. Nf3 {[%emt 0:00:28]} Bg4 {[%emt 0:01:14]} 6. Be3 {[%emt 0:01:00]} Be7 {[%emt 0:01:13]} 7. Be2 {[%emt 0:05:13]} Nd7 {[%emt 0:02:53]} 8. O-O {[%emt 0:01:45]} f6 {[%emt 0:03:33]} 9. a4 {[%emt 0:08:29]} Nh6 {[%emt 0:07:19]} 10. Bc4 {[%emt 0:07:54]} f5 {[%emt 0:11:07]} 11. h3 {[%emt 0:04:25]} Bxf3 {[%emt 0:02:57]} 12. Qxf3 {[%emt 0:00:49]} O-O-O {[%emt 0:00:19]} 13. Be6 {[%emt 0:06:14]} fxe4 {[%emt 0:02:15]} 14. Qxe4 {[%emt 0:01:32]} d5 {[%emt 0:03:30]} 15. Qxe5 {[%emt 0:01:06]} Bf6 {[%emt 0:02:10]} 16. Qxc7+ {[%emt 0:06:57]} Kxc7 {[%emt 0:00:07]} 17. g4 {[%emt 0:00:18]} Rhe8 {[%emt 0:02:41]} 18. f5 {[%emt 0:02:03]} Nf8 {[%emt 0:00:49]} 19. g5 {[%emt 0:00:41]} Nxe6 {[%emt 0:01:31]} 20. fxe6 {[%emt 0:00:20]} Rxe6 {[%emt 0:00:33]} 21. Bf4+ {[%emt 0:00:09]} Kc8 {[%emt 0:00:16]} 22. gxf6 {[%emt 0:00:11]} Rxf6 {[%emt 0:00:11]} 23. Be5 {[%emt 0:00:57]} Rg6+ {[%emt 0:00:34]} 24. Kh2 {[%emt 0:00:12]} Rd7 {[%emt 0:00:21]} 25. Rf8+ {[%emt 0:00:21]} Rd8 {[%emt 0:00:08]} 26. Raf1 {[%emt 0:00:09]} a6 {[%emt 0:02:21]} 27. a5 {[%emt 0:00:10]} Rg5 {[%emt 0:01:21]} 28. Na4 {[%emt 0:01:30]} Rxf8 {[%emt 0:01:11]} 29. Rxf8+ {[%emt 0:00:05]} Kd7 {[%emt 0:00:05]} 30. Nc5+ {[%emt 0:00:26]} Ke7 {[%emt 0:00:15]} 31. Rb8 {[%emt 0:00:14]} 1-0

[Event "AZE-ch Women 2019"]
[Site "Baku"]
[Date "2019.02.04"]
[Round "1.6"]
[White "Heydarova, Aytaj"]
[Black "Mamedjarova, Turkan"]
[Result "0-1"]
[WhiteElo "1747"]
[BlackElo "2267"]
[Annotator "TA"]
[PlyCount "80"]
[EventDate "2019.02.04"]
[EventType "swiss"]
[EventCountry "AZE"]
[SourceTitle "playchess.com"]
[Source "ChessBase"]
[SourceQuality "1"]

{[%evp 14,80,30,32,22,22,57,24,44,35,45,38,52,34,39,28,41,31,36,37,37,41,38,16,22,4,45,0,0,0,0,0,0,-4,0,0,7,8,26,-19,0,0,0,0,0,0,0,-82,0,-77,-82,-71,-68,-129,-128,-136,-125,-188,-188,-254,-258,-349,-270,-432,-447,-465,-482,-699,-697]} 1. Nf3 ({Predecessor:} 1. c4 Nf6 2. Nf3 g6 3. g3 Bg7 4. Bg2 O-O 5. O-O c6 6. d4 d5 7. Nbd2 h6 8. b3 Re8 9. Bb2 {½-½ (27) Takacs,S-Petrovs,V Hamburg 1930}) 1... d5 2. g3 Nf6 3. Bg2 c6 4. c4 g6 5. b3 Bg7 6. Bb2 O-O 7. O-O Re8 8. d4 Be6 $146 {D78: Fianchetto Grünfeld: 6 0-0 c6} (8... Ne4 9. e3 Bg4 10. h3 Bxf3 11. Bxf3 e6 12. Nd2 Nxd2 13. Qxd2 Nd7 14. Rfd1 Nf6 15. Rac1 a6 16. Qe2 {½-½ (50) Shankland,S (2717)-Cori Tello,J (2659) Montevideo 2018}) 9. Nbd2 h6 10. Qc1 ({Predecessor:} 10. Ne1 Qd7 11. e4 Nxe4 12. Nxe4 dxe4 13. Bxe4 Bh3 14. Bg2 Bxg2 15. Kxg2 {½-½ (27) Takacs,S-Petrovs,V Hamburg 1930}) 10... Na6 {White has an edge.} 11. Rd1 Rc8 12. Ne5 Rc7 13. e4 Qc8 14. Nd3 dxe4 15. Nxe4 Nxe4 16. Bxe4 Rd8 17. Qe3 Bf5 18. Ne5 Bxe4 19. Qxe4 Qe6 20. Qf3 Bxe5 21. dxe5 Rcd7 22. Rxd7 Qxd7 23. Re1 {And now e6! would win.} Qd2 24. Bc3 Qd3 25. Kg2 Nc5 26. Re3 Qd7 27. Qf4 {Threatens to win with e6.} g5 $36 {[%mdl 2048] Black has the initiative.} 28. Qf3 Qe6 29. h3 b6 30. Qe2 {[#]} (30. Bb4 $11 {remains equal.}) 30... a5 ({Black should try} 30... Qg6 $1 $17) 31. f4 (31. Qf3 $11) 31... gxf4 $17 32. gxf4 {[#]} Kh7 $1 33. Qc2+ (33. Rg3 $15) 33... Qg6+ 34. Qxg6+ Kxg6 {[%mdl 4096] Endgame KRB-KRN} 35. Kf3 (35. b4 $17 {is a better defense.} axb4 36. Bxb4) 35... Kf5 $19 36. Be1 (36. Ke2 $142) 36... Ne6 37. Bh4 Rd7 (37... Nxf4 $2 38. Bxe7 Rd2 39. h4 $19) 38. Bg3 (38. Re1 $142) 38... Rd2 {[%cal Re6d4] Black is clearly winning.} 39. Be1 Rxa2 40. b4 (40. Rc3 $142 Nd4+ 41. Ke3 Nc2+ 42. Kf2) 40... Nd4+ {Accuracy: White = 39%, Black = 72%.} 0-1

[Event "AZE-ch Women 2019"]
[Site "Baku"]
[Date "2019.02.04"]
[Round "1.7"]
[White "Abdulla, Khayala"]
[Black "Gasimova, Samra"]
[Result "0-1"]
[WhiteElo "2243"]
[BlackElo "1693"]
[Annotator "TA"]
[PlyCount "116"]
[EventDate "2019.02.04"]
[EventType "swiss"]
[EventCountry "AZE"]
[SourceTitle "playchess.com"]
[Source "ChessBase"]
[SourceQuality "1"]

{[%evp 9,116,64,76,28,29,28,28,27,79,54,74,67,77,68,65,68,65,66,68,22,54,48,51,0,0,-31,-23,-82,-79,-95,-56,-166,0,0,0,0,31,-76,77,75,69,60,62,70,65,9,37,27,56,0,0,0,0,0,0,0,16,16,16,16,16,18,33,31,30,-8,113,-167,-202,-458,-457,-649,-643,-676,-86,-93,-77,-77,-78,-81,-89,-115,-98,-452,-412,-540,-428,-540,-540,-516,-508,-514,-502,-668,-668,-667,-645,-1772,-1706,-2300,-2143,-4542,-1460,-29982,-29983,-29985,-29986,-29986,-29987]} 1. e4 ({Predecessor:} 1. d4 e6 2. Nc3 d5 {1-0 (50) Patarcic,D (2176)-Grandic,Z (2215) Croatia 2015}) 1... e6 2. d4 d5 3. Nc3 Nc6 4. Nf3 Bb4 5. e5 f6 $146 (5... f5 6. Bd3 Nge7 7. O-O O-O 8. Ne2 Ng6 9. c3 Be7 10. g3 Bd7 11. Be3 Nh8 12. Qd2 Nf7 13. h4 {1-0 (69) Mekhitarian,K (2559)-Rodriguez,A (2496) Caxias do Sul 2016}) 6. exf6 {C10: French with 3 Nc3: Unusual Black 3rd moves and 3...dxe4} Nxf6 7. Bd3 O-O 8. O-O {White has an edge.} Ne7 (8... Bd6 $11) 9. Ne2 (9. a3 $5 {[%cal Ra3b4]} Bd6 10. Nb5 $14) 9... Bd6 10. Re1 ({Predecessor:} 10. c3 c5 11. Ne5 cxd4 12. cxd4 Bxe5 13. dxe5 {1-0 (50) Patarcic,D (2176)-Grandic,Z (2215) Croatia 2015}) 10... c5 {And now ...c4 would win.} 11. c3 c4 12. Bc2 Qc7 13. Ng3 Nc6 {[%cal Be7c6,Bc6e5,Be5g4][%mdl 32]} 14. Bg5 Bd7 15. b3 b5 16. Qb1 (16. Bh4 $14) 16... h6 $11 17. Bd2 (17. Bxf6 $5 Rxf6 18. Qd1 $11) 17... e5 18. dxe5 (18. a4 $1 $11 e4 19. axb5) 18... Nxe5 $17 19. Nd4 Neg4 {Threatens to win with ...Nxf2!} 20. Bf5 {[#]} (20. Re2 $1 $15) 20... b4 $2 ({Black should play} 20... Nxf2 $1 $19 {[%mdl 512] Strongly threatening ...N6g4.} 21. Be6+ (21. Kxf2 Ne4+) 21... Kh8 22. Bxd7 Bxg3 23. hxg3 Qxd7 24. Kxf2 Ne4+ {[%mdl 64] Double Attack, Discovered Attack (Double check)} 25. Kg1 Nxd2) 21. Bxd7 $1 $11 Qxd7 22. f3 Ne5 23. Qf5 (23. cxb4 $14 {keeps the upper hand.} Nd3 24. Re3) 23... Rae8 $2 (23... Nd3 $17 {stays on course.} 24. Qe6+ Kh7) 24. Qxd7 $1 $16 ({Much weaker is} 24. cxb4 $6 Qb7 $11) 24... Nfxd7 25. cxb4 Nd3 26. Rxe8 Rxe8 27. bxc4 (27. Rb1 $14) 27... dxc4 28. a3 Nb6 29. Nb5 (29. Ra2 $14) 29... Be5 $11 30. Bc3 a6 31. Bxe5 {aiming for Bd4.} axb5 32. Bd4 Na4 {Hoping for ...c3.} 33. Ne4 Rd8 34. Bc3 Nf4 {...Ne2+ is the strong threat.} 35. Bd2 Ne2+ 36. Kf2 Nd4 37. Bf4 c3 {[#]} (37... Nb2 $11 {remains equal.} 38. Nc5 c3) 38. Be5 $2 {[%mdl 8192] [#]} (38. Be3 $1 $16) 38... Nb3 $1 $19 {[%cal Rb3a1]} 39. Rf1 $2 (39. Ra2 Nc1 40. Rc2 Nd3+ {[%mdl 64] Double Attack} 41. Kg3 Nxe5 42. Nxc3) 39... c2 40. Bf4 (40. Nd6 $142) 40... Rd1 {White must now prevent ...Nb2.} 41. Ke2 Rxf1 $2 (41... Nd4+ $19 {has better winning chances.} 42. Kf2 Nb3) 42. Kxf1 {[%mdl 4096] Endgame KBN-KNN} g5 43. Be3 Nb2 44. Nc5 c1=Q+ 45. Bxc1 Nxc1 46. h4 $2 {[%mdl 8192]} (46. Ke1 $17) 46... gxh4 47. Kg1 Ne2+ 48. Kh2 Nf4 49. g3 hxg3+ 50. Kxg3 Nfd3 51. Ne4 Nc4 52. Kg4 Nxa3 53. Nd6 Nxb4 54. Kh5 Kh7 55. f4 Nd5 56. Kg4 b4 {[%cal Bb5b4,Bb4b3,Bb3b2][%mdl 32] Black mates.} 57. Ne4 b3 58. Nd2 b2 {Accuracy: White = 29%, Black = 53%.} 0-1